000 00475nam a2200169Ia 4500
005 20250627175625.0
008 250627s9999 xx 000 0 und d
020 _a9780340886762
082 _a910.72
_bPAL
100 _aPallister, John
245 0 _aTackling Geography Coursework
260 _bHodder Education
_c2005
300 _a112 pages
500 _aA practical guide for both teacher-led and individual investigations
650 _aEducation
942 _cENGLISH
999 _c574148
_d574148